| 000 | 01027nmb a2200265uu 4500 | ||
|---|---|---|---|
| 001 | 09063 | ||
| 003 | HDC | ||
| 007 | cr cn|---aauu| | ||
| 008 | 210201p201602 my ||||| |||| 00| 0 eng d | ||
| 040 | _aHDC | ||
| 100 |
_aMiss Usanee Wacharajirasophon _eauthor _99503 |
||
| 245 | 0 |
_aFACTORS INFLUENCING CONSUMER INTENTION TO PURCHASE HALAL FOOD AMONG MUSLIMS IN THAILAND / _cMiss Usanee Wacharajirasophon |
|
| 260 |
_aKuala Lumpur : _bInternational Islamic University Malaysia _c2016 |
||
| 300 |
_a24 pages : _bcolour illustrations |
||
| 336 |
_atext _2rdacontent |
||
| 337 |
_acomputer _2rdamedia |
||
| 338 |
_aonline resource _2rdacarrier |
||
| 650 |
_aConsumer behaviour _zThailand. _99505 |
||
| 650 |
_aFood _xReligious aspects _xslam. _99504 |
||
| 650 |
_aHalal food industry _zThailand. _9430 |
||
| 856 | _zRequest full-text at [email protected] | ||
| 942 | _2ddc | ||
| 942 | _cTHE | ||
| 942 | _kTHES 000035 | ||
| 999 |
_c6386 _d6386 |
||